000 00450nam a2200157 a 4500
001 000048928
005 20260422131638.0
008 190502s2017 dr r 000 0 spa d
020 _a9789945481792
040 _aDO-SdBNP
_bspa
_cBNPHU
082 _axxxx
_bB262e
100 1 _aBarnichta Geara, Edgar,
_d1958-
_97487
245 1 0 _aEntre dos amigos /
_cEdgar Barnichta Geara.
260 _aSanto Domingo :
_bCentenario,
_c2017.
300 _a75 p. ;
_c22 cm.
999 _c48416
_d48416